000 00509nam a2200193Ia 4500
008 151121s9999||||xx |||||||||||||| ||und||
082 _a294।5 /Mad
082 _bHNW-66190
100 _a Madhavananda Swami
245 4 _aThe Brhadaranyaka Upanisad
260 _b"Advait Ashram, Calcutta।"
260 _c--
300 _a670
600 _a Madhavananda Swami
630 _aThe Brhadaranyaka Upanisad
700 _a Madhavananda Swami
730 _aThe Brhadaranyaka Upanisad
942 _cBOOK
999 _c1247687
_d1247684